=LDR 00000nam 2200000 4500 =001 INLIS000000000009914 =005 20130612101655 =008 ***********************************Ind** =035 ##$$0010-061300000009914 =041 ##$$a Ind =082 ##$$a 028.5 =090 ##$$a 028.5, Iri u =100 ##$$a Iriland, Shep =245 ##$$a Ulang tahun, Shep Iriland =260 ##$$a 1995 $b Jakarta =300 ##$$a 38 hlm, ilus, 14 cm =650 ##$$a Bacaan anak-anak =850 ##$$a NBPNMAT